000 00872nam a2200265 i 4500
001 9831
003 ES-MaACL
005 20230906145750.0
007 t|
008 940124s1992 sp a |||| | spa d
020 _a84-86408-23-7
080 _a726.6(462/464)
080 _a72.033.5(462/464)
100 1 _aPiquero López, María Ángeles Blanca.
_9151143
245 1 4 _aLas catedrales góticas castellanas /
_cMª Angeles Blanca Piquero López.
260 _aSalamanca :
_bColegio de España,
_c1992.
300 _a178 p. :
_bfot. col. ;
_c25 cm.
490 1 _aArte español, artistas y estilos ;
_v3
500 _aBibliografía.
650 1 4 _aCatedrales góticas-
_zCastilla.
_9168313
650 1 4 _aArquitectura gótica-
_zCastilla.
_910028
830 0 _aArte español, artistas y estilos ;
_v3
_9228071
852 _aES-MaACL
_jL-17296
999 _c9831
_d9831